| 000 | 02393nam a2200421 i 4500 | ||
|---|---|---|---|
| 003 | DO-SdBNP | ||
| 005 | 20260521073717.0 | ||
| 007 | ta | ||
| 008 | 240627s2024 dr ac 000 j spa d | ||
| 020 | _a9789945510126 (v. 1) | ||
| 020 | _a9789945510133 (v. 2) | ||
| 040 |
_aDO-SdBNP _bspa _cBNPHU _erda |
||
| 041 | _aspa | ||
| 082 | 4 |
_a972.9356 _bE77h 2024 _222 |
|
| 100 | 1 |
_aEspinal Hernández, Edwin, _d1971- _eautor _4aut. _98396 |
|
| 245 | 1 | 0 |
_aHistoria social de Santiago de los Caballeros : _b1900-1916 / _cEdwin Espinal Hernández ; prólogo Frank Moya Pons ; presentación Roberto Cassá ; introducción Tulio Hernández ; jurado Carmen Durán, Mu-Kien Adriana Sang Ben, José G. Guerrero. |
| 264 | 4 |
_aSanto Domingo : _bEditora Nacional, _bMinisterio de Cultura de la República Dominicana, _c©2024. |
|
| 300 |
_a2 volumenes : _bilustraciones, fotografías, retratos ; _c27 cm. |
||
| 336 |
_atexto _btxt _2rdacontent |
||
| 337 |
_asin mediación _bn _2rdamedia |
||
| 338 |
_avolumen _bnc _2rdacarrier |
||
| 500 | _aIncluye datos biográficos del autor en las solapas. | ||
| 500 | _aIncluye referencias bibliográficas y notas a pie de páginas. | ||
| 504 | _aBibliografía en el tomo : páginas 675-706 | ||
| 505 | 2 |
_aAbreviaturas -- _tTabla de concordancia -- _tPrólogo -- _tPresentación -- _tIntroducción -- _gCapitulo 1. _tEl espacio construido -- _gCapitulo 2. _tLa estructura económica -- _gCapitulo 3. -- _tPoblación e inmigración -- _gCapitulo 4. -- _tRituales colectivos y vida cotidiana -- _gCapitulo 5. _tCultura y asociatividad -- _gCapitulo 6. _tMedios de comunicación -- _gCapitulo 7. _tServicios públicos -- _gCapitulo 8. _tConclusiones -- _tNuevo siglo, nuevas fisonomías -- _tBibliografía |
|
| 586 | _aPremio anual de Historia José Gabriel García, 2020. | ||
| 590 | _aInventariado, 2024/ YL | ||
| 650 | 4 |
_aHistoria social _zRepública Dominicana _y1900-1916 _985877 |
|
| 651 | 4 |
_aSantiago de los Caballeros , República Dominicana _xHistoria _y1900-1916 _985878 |
|
| 700 | 1 |
_aMoya Pons, Frank, _eprologuista _984999 |
|
| 700 | 1 |
_aCassá, Roberto, _epresentación _981564 |
|
| 700 | 1 |
_aHernández, Tulio, _eintroducción _932766 |
|
| 700 | 1 |
_aDurán, Carmen , _ejurado _913188 |
|
| 700 | 1 |
_aSang, Mu-Kien A. _d1955- _q(Mu-Kien Adriana) _eJurado _9331 |
|
| 700 | 1 |
_aGuerrero, José G., _ejurado |
|
| 910 | _aYLockward/Validado, 2024/MFF | ||
| 942 |
_2ddc _cLBS1 |
||
| 999 |
_c57036 _d57036 |
||